02500njm a2200577 i 450000100060000000300090000600500170001500700150003200800410004702000150008802000150010304000360011804100080015404600090016208000220017108000120019310000410020524500250024626000400027130001190031133600390043033600360046933700230050533700260052833700630055433800320061733800360064938000110068538800140069638800140071049000590072450000390078350000590082250000690088150505440095060000290149464800140152364800140153765000270155165500280157865500240160665500260163065500210165670000190167770000280169671000290172483000580175394200120181199900170182395200820184034967KOSZ 00520240405063104.0sd fsngnnmmned061010s2005 pl munn i 000 0 d a8360004188 a8360004064 cKOSZ 005aKOSZ 005dKOSZ 005/AR0 apol k2005 a780.8:780.616(44) a(086.7)1 aSatie, Erikd(1866-1925)eKompozytor10aSatie /cErik Satie. aWarszawa :bMediasat Poland,c2005. a1 płyta CD (63 min 35 s) :bzapis cyfrowy, stereo ;c12 cm +e1 dodatek : 43 strony : ilustracje ; 13 cm x 14 cm. 2rdacontentaNagranie muzycznebprm 2rdacontent3DodatekaTekstbtxt 2rdamediaaAudiobs 2rdamediaaKomputerbc 2rdamedia3DodatekaBez urządzenia pośredniczącegobn 2rdacarrieraPłyta audiobd 2rdacarrier3DodatekaWoluminbc aMuzyka a1801-1900 a1901-20001 aBiblioteka Gazety Wyborczej. Wielcy Kompozytorzy ;v12 aTekst komentarza: Agnieszka Draus. aWykonanie.: Patrick Cohen, fortepian Érard ok. 1855. aNagranie: Iglesia de Miguel, Cuenca, Hiszpania, grudzień 1997. aUtwory na fortepian. Gnossiene ; II Gnosienne ; III Gnosienne ; V Gnosienne ; Danse de travers III (Pices froides) ; IV Gnossienne ; Air à faire fuir I (Pièces froides) ; Danse de travers I (Pièces froides) ; Air faire fuir II (Pièces froides) ; Danse de travers II (Pièces froides) ; Petite ouverture à danser ; VI Gnossienne ; Première pensée de la Rose+Croix ; I Gymnopédie ; Caresse ; II Gymnopédie ; Air à faire fuir III (Pièces froides) ; III Gymnopédie ; I Sarabande ; Les Fils des Étoiles. L'initiation.17aSatie, Erikd(1866-1925) 7a1801-1900 7a1901-2000 9aKompozytorzy francuscy 7aDokumenty dźwiękowe 7aMuzyka na fortepian 7aMuzyka instrumentalna 7aMuzyka poważna1 aCohen, Patrick1 aDraus, AgnieszkaeTekst 2aMediasat PolandeWydawca 0aBiblioteka Gazety Wyborczej.pWielcy Kompozytorzyv12 cCD2UKD c34967d34967 00104071aBPKbBPKccg14.90oCD 1339p00336093t0/9(0.034.2) Dev14.90yCD